| 000 | 00873nam a22002417a 4500 | ||
|---|---|---|---|
| 999 |
_c14626 _d14626 |
||
| 003 | MIRAKIL | ||
| 005 | 20211112152230.0 | ||
| 008 | 211112b tu ||||| |||| 00| 0 tur d | ||
| 020 | _a97860539995753 | ||
| 040 |
_aTR-AnCHP _btur _cTR-AnCHP |
||
| 041 | _atur | ||
| 082 |
_a338.04 _bT96 2021 |
||
| 245 |
_aTürkiye'de yenilik tabanlı girişimcilik / _cderleyenler İbrahim Semih Akçomak, ... [ve başk.] |
||
| 260 |
_aİstanbul: _bİstanbul Bilgi Üniversitesi Yayınları, _c2021. |
||
| 300 |
_a402 s.: _btbl.; hrt.; _c24 sm. |
||
| 490 |
_aİstanbul Bilgi Üniversitesi Yayınları; _aBilgi ve toplum; _v686. _v14. |
||
| 504 | _aKaynakça ve dizin vardır. | ||
| 650 |
_aEkonomik kalkınma ve büyüme _xGirişimcilik |
||
| 651 |
_aTürkiye _xGirişimcilik |
||
| 700 |
_96828 _aAkçomak, İbrahim Semih _eder. |
||
| 700 |
_96829 _aBeyhan, Berna _eder. |
||
| 942 |
_2ddc _cBKS |
||